000 00432nam a2200133Ia 4500
008 220216s9999 xx 000 0 und d
100 _aHamed G R
245 0 _aTensile and tear behaviour of anisotropic double networks of a black-filled natural rubber vulcanizate
260 _bRubber Chemistry and Technology
_c1998
300 _a846-860
650 _aBlack filled natural rubber vulcanizate
700 _aHuang H Y
942 _cJS
999 _c70377
_d70377